LEADER 02175oam 2200517M 450 001 9910715812703321 005 20191123061943.6 035 $a(CKB)5470000002515962 035 $a(OCoLC)1064023179 035 $a(OCoLC)995470000002515962 035 $a(EXLCZ)995470000002515962 100 $a20070221d1863 ua 0 101 0 $aeng 135 $aurcn||||||||| 181 $ctxt$2rdacontent 182 $cc$2rdamedia 183 $acr$2rdacarrier 200 10$aIn the Senate of the United States. January 20, 1863. -- Ordered to be printed. Mr. Howe made the following report. (To accompany Bill S. No. 475.) The Committee on Claims, to whom was referred the petition of Albert Brown, report.. 210 1$a[Washington, D.C.] :$c[U.S. Government Printing Office],$d1863. 215 $a1 online resource (4 pages) 225 1 $aSenate report / 37th Congress, 3rd session. Senate ;$vno. 77 225 1 $a[United States congressional serial set] ;$v[serial no. 1151] 300 $aTitle taken from opening lines of text. 300 $aBatch processed record: Metadata reviewed, not verified. Some fields updated by batch processes. 300 $aFDLP item number not assigned. 517 $aIn the Senate of the United States. January 20, 1863. -- Ordered to be printed. Mr. Howe made the following report. 606 $aClaims 606 $aManufactures$xDefects 606 $aDefense contracts 606 $aGovernment contractors 606 $aWagons 608 $aLegislative materials.$2lcgft 615 0$aClaims. 615 0$aManufactures$xDefects. 615 0$aDefense contracts. 615 0$aGovernment contractors. 615 0$aWagons. 701 $aHowe$b Timothy O$g(Timothy Otis),$f1816-1883$pRepublican (WI)$01413584 801 0$bWYU 801 1$bWYU 801 2$bOCLCO 801 2$bOCLCQ 906 $aBOOK 912 $a9910715812703321 996 $aIn the Senate of the United States. January 20, 1863. -- Ordered to be printed. Mr. Howe made the following report. (To accompany Bill S. No. 475.) The Committee on Claims, to whom was referred the petition of Albert Brown, report.$93510223 997 $aUNINA